Elementos para caracterizar la cuestión juvenil en Costa Rica /
Enregistré dans:
| Auteur principal: | |
|---|---|
| Autres auteurs: | |
| Format: | Texte |
| Tags: |
Ajouter un tag
Pas de tags, Soyez le premier à ajouter un tag!
|
MARC
| LEADER | 00000 a a2200000 04500 | ||
|---|---|---|---|
| 001 | 15474 | ||
| 003 | |||
| 040 | |||
| 100 | |a Torres Rivas, Edelberto | ||
| 245 | |a Elementos para caracterizar la cuestión juvenil en Costa Rica / |c Edelberto Torres Rivas | ||
| 700 | |a Salvadó, Luis Raúl |a colab | ||
| 773 | |g número 1; páginas 65-77 | ||
| 999 | |c 34737 |d 34737 | ||
